000 00807nam a22002297a 4500
999 _c22316
_d22316
003 AR-CdUCM
008 190425b ||||| |||| 00| 0 spa d
040 _aMUNICIPALIDAD PROVINCIAL DEL CUSCO
_cBIBLIOTECA MUNICIPAL DEL CUSCO
082 _aSur/N°215/1992
245 _aSur :
_bsemanario regional surandino /
_cGuido Delran Cousy, Director
260 _aCusco.
_bCentro Bartolomé de las Casas,
_c1992.
300 _a8 páginas. :
_bilustraciones ;
_c29 cm.
440 _aSur.
_nAño XIV, N°215,1992.
_947852
505 _aContenido: Semana poco Santa. -- El Cusco en fotofest. ...
650 _aSociedad cusqueña
_947493
650 _aPolítica
_9291
650 _aSiglo XX
_947750
700 _aBenavente, Adelma
_947793
700 _aNieto Degregori, Luis
_96534
942 _2ddc
_cPP
945 _arac